[Event "EU-chT (Women) 23rd"]
[Site "Terme Catez"]
[Date "2021.11.19"]
[Round "7.3"]
[White "Nikolovska, Dragana"]
[Black "Machlik, Edit"]
[Result "1/2-1/2"]
[WhiteElo "1877"]
[BlackElo "2087"]
[PlyCount "101"]
[EventDate "2021.11.12"]
[EventType "team-swiss"]
[EventRounds "9"]
[EventCountry "SLO"]
[SourceTitle "CBM 205"]
[Source "ChessBase"]
[SourceDate "2021.12.31"]
[SourceVersion "1"]
[SourceVersionDate "2021.12.31"]
[SourceQuality "1"]
[WhiteTeam "North Macedonia (W)"]
[BlackTeam "Norway (W)"]
[WhiteTeamCountry "MKD"]
[BlackTeamCountry "NOR"]

1. e4 c6 2. d4 d5 3. e5 Bf5 4. h4 h5 5. Bg5 Qb6 6. Bd3 Bxd3 7. Qxd3 e6 8. Nd2 Ne7 9. Ngf3 Qa6 10. c4 Nf5 11. 0-0 Nd7 12. Qc3 dxc4 13. Nxc4 Nb6 14. Nxb6 axb6 15. Rfd1 Qa5 16. Qb3 Qb4 17. Qc2 Qa4 18. Qe4 Ra5 19. Rac1 Rd5 20. g3 b5 21. Kg2 Be7 22. Bxe7 Kxe7 23. Qf4 Ke8 24. Rd3 Qa5 25. Ra3 Qd8 26. Rd1 Rh6 27. Ra7 Qb8 28. Ra5 Qd8 29. Qd2 Rg6 30. Kh3 Rg4 31. Qb4 Qe7 32. Ra8+ Rd8 33. Qa5 Qd7 34. Rd3 Ne7 35. Ra3 Nc8 36. Qb4 Qe7 37. Qe1 Nb6 38. Rxd8+ Qxd8 39. Ra7 Qd7 40. Qa5 Nc8 41. Ra8 Qd8 42. Qa3 Qc7 43. Qe3 Kd7 44. Ng5 Ne7 45. Rf8 Qb6 46. Qa3 Qxd4 47. Qa8 Rxg3+ 48. fxg3 Qg4+ 49. Kg2 Qe2+ 50. Kh3 Qg4+ 51. Kg2 1/2-1/2

[Event "EU-chT (Women) 22nd"]
[Site "Batumi"]
[Date "2019.11.01"]
[Round "8.2"]
[White "Machlik, Edit"]
[Black "Vanduyfhuys, Daria"]
[Result "1-0"]
[WhiteElo "2062"]
[BlackElo "1983"]
[PlyCount "119"]
[EventDate "2019.10.24"]
[EventType "team-swiss"]
[EventRounds "9"]
[EventCountry "GEO"]
[SourceTitle "CBM 192 Extra"]
[Source "Chessbase"]
[SourceDate "2019.11.06"]
[SourceVersion "1"]
[SourceVersionDate "2019.11.06"]
[SourceQuality "1"]
[WhiteTeam "Norway (W)"]
[BlackTeam "Belgium (W)"]
[WhiteTeamCountry "NOR"]
[BlackTeamCountry "BEL"]

1. d4 d5 2. c4 e6 3. Nc3 Nf6 4. cxd5 exd5 5. Bg5 Be7 6. e3 c6 7. Qc2 Nbd7 8. Bd3 Nh5 9. Bxe7 Qxe7 10. 0-0-0 Nb6 11. h3 g6 12. Nf3 Be6 13. Kb1 0-0-0 14. Na4 Nxa4 15. Qxa4 Kb8 16. Rc1 Bf5 17. Rhd1 f6 18. Ka1 Bxd3 19. Rxd3 Rc8 20. Ra3 a6 21. Qa5 Ng7 22. Rb3 Ka8 23. Ne1 Ne6 24. Nd3 Rc7 25. Nb4 Qd7 26. Qb6 Rhc8 27. Ra3 Ng5 28. f3 Nf7 29. Nxa6 bxa6 30. Rxa6+ Ra7 31. Rxc6 Rb8 32. Rc7 Qxc7 33. Qxc7 Rxa6 34. Qxf7 Ra5 35. Qxf6 Rc8 36. Kb1 Kb7 37. Qe7+ Rc7 38. Qb4+ Ka6 39. Qd6+ Kb7 40. b4 Ra3 41. Qxd5+ Kc8 42. Qg8+ Kb7 43. Qd5+ Kb6 44. e4 Rac3 45. Qa5+ Kb7 46. Qa4 Rc1+ 47. Kb2 Re1 48. Qb5+ Kc8 49. d5 Rb7 50. Qc4+ Rc7 51. Qa6+ Kd7 52. Qe6+ Kd8 53. Qg8+ Kd7 54. Qxh7+ Kc8 55. Qxg6 Re2+ 56. Kb3 Re3+ 57. Kb2 Re2+ 58. Kb3 Re3+ 59. Ka4 Ra7+ 60. Kb5 1-0

[Event "EU-chT (Women) 22nd"]
[Site "Batumi"]
[Date "2019.10.27"]
[Round "4.16"]
[White "Georgescu, Lena"]
[Black "Machlik, Edit"]
[Result "1-0"]
[WhiteElo "2271"]
[BlackElo "2062"]
[PlyCount "79"]
[EventDate "2019.10.24"]
[EventType "team-swiss"]
[EventRounds "9"]
[EventCountry "GEO"]
[SourceTitle "CBM 192 Extra"]
[Source "Chessbase"]
[SourceDate "2019.11.06"]
[SourceVersion "1"]
[SourceVersionDate "2019.11.06"]
[SourceQuality "1"]
[WhiteTeam "Switzerland (W)"]
[BlackTeam "Norway (W)"]
[WhiteTeamCountry "SUI"]
[BlackTeamCountry "NOR"]

1. e4 c6 2. d4 d5 3. e5 Bf5 4. h4 h5 5. Bd3 Bxd3 6. Qxd3 e6 7. Bg5 Qb6 8. Nd2 Qa6 9. c4 Bb4 10. b3 Nd7 11. Ngf3 Ne7 12. 0-0 Nf5 13. Rfd1 f6 14. Bf4 Kf7 15. Nf1 Nb6 16. Rac1 Rac8 17. Ne3 Nxe3 18. fxe3 f5 19. Qb1 Ba3 20. Rc2 Nd7 21. Rf1 g6 22. Qe1 b5 23. c5 Qb7 24. Qg3 Rhg8 25. Bg5 Qc7 26. Ne1 Qb8 27. Nd3 a5 28. Nf4 Bb4 29. Bf6 Qc7 30. Qg5 Rce8 31. Rf3 a4 32. Re2 axb3 33. axb3 Qa7 34. Rg3 Qa1+ 35. Kf2 Bxc5 36. Qh6 Nxf6 37. exf6 Bd6 38. Qh7+ Kxf6 39. Rxg6+ Rxg6 40. Nxh5# 1-0

[Event "EU-chT (Women) 22nd"]
[Site "Batumi"]
[Date "2019.10.25"]
[Round "2.13"]
[White "Rogule, Laura"]
[Black "Machlik, Edit"]
[Result "1/2-1/2"]
[WhiteElo "2269"]
[BlackElo "2062"]
[PlyCount "64"]
[EventDate "2019.10.24"]
[EventType "team-swiss"]
[EventRounds "9"]
[EventCountry "GEO"]
[SourceTitle "CBM 192 Extra"]
[Source "Chessbase"]
[SourceDate "2019.11.06"]
[SourceVersion "1"]
[SourceVersionDate "2019.11.06"]
[SourceQuality "1"]
[WhiteTeam "Latvia (W)"]
[BlackTeam "Norway (W)"]
[WhiteTeamCountry "LAT"]
[BlackTeamCountry "NOR"]

1. c4 e5 2. Nc3 Nf6 3. g3 d5 4. cxd5 Nxd5 5. Bg2 Nb6 6. Nf3 Nc6 7. 0-0 Be7 8. Rb1 0-0 9. b4 a6 10. a3 Re8 11. d3 Bf8 12. Bb2 f6 13. Nd2 Nd4 14. e3 Nb5 15. Nc4 Nxc3 16. Bxc3 Rb8 17. Nxb6 cxb6 18. d4 exd4 19. Qxd4 Be6 20. Qh4 Qe7 21. Bd4 b5 22. Rfc1 Bc4 23. Bf1 Bxf1 24. Kxf1 Rbc8 25. Bc5 Qe6 26. Bxf8 Rxf8 27. Kg2 Rc4 28. Rxc4 bxc4 29. Qd4 b5 30. e4 f5 31. e5 f4 32. f3 Qf5 1/2-1/2

[Event "Helsingor Xtracon op"]
[Site "Helsingor"]
[Date "2019.07.25"]
[Round "7"]
[White "Rempe, Jonas"]
[Black "Machlik, Edit"]
[Result "0-1"]
[WhiteElo "1839"]
[BlackElo "2075"]
[PlyCount "108"]
[EventDate "2019.07.20"]
[EventType "swiss"]
[EventRounds "10"]
[EventCountry "DEN"]
[SourceTitle "CBM 191 Extra"]
[Source "ChessBase"]
[SourceDate "2019.09.30"]
[SourceVersion "1"]
[SourceVersionDate "2019.09.30"]
[SourceQuality "1"]

1. e4 c6 2. d4 d5 3. Nd2 dxe4 4. Nxe4 Bf5 5. Ng3 Bg6 6. h4 h6 7. Nf3 Nd7 8. h5 Bh7 9. Bd3 Bxd3 10. Qxd3 e6 11. Bd2 Ngf6 12. 0-0-0 Be7 13. Kb1 Qb6 14. Ne4 Nxe4 15. Qxe4 Nf6 16. Qe2 Qb5 17. Qxb5 cxb5 18. Ne5 0-0 19. g4 Rad8 20. c3 b4 21. Rde1 bxc3 22. bxc3 Bd6 23. f4 Nd5 24. g5 Bxe5 25. fxe5 hxg5 26. Bxg5 Nxc3+ 27. Kb2 Na4+ 28. Ka1 f6 29. exf6 gxf6 30. Bc1 Kf7 31. Rh4 Nc3 32. Bb2 Nd5 33. h6 Rh8 34. Bc1 Rc8 35. Rhe4 Rce8 36. Rg4 Reg8 37. Rge4 Re8 38. Rg4 Rhg8 39. Rh4 Rh8 40. Rg4 Rhg8 41. Rh4 Rc8 42. Rh2 Rc4 43. Rhe2 Nb4 44. Rf1 Nc2+ 45. Kb1 Nxd4 46. Re4 Rb4+ 47. Bb2 Rg2 48. Rxd4 Rgxb2+ 49. Ka1 Rxd4 50. Kxb2 Rh4 51. Rc1 Rxh6 52. Rc7+ Kg6 53. Rxb7 Rh7 54. Rb3 f5 0-1

[Event "Helsingor Xtracon op"]
[Site "Helsingor"]
[Date "2019.07.24"]
[Round "6"]
[White "Machlik, Edit"]
[Black "Woltery, Nicolai"]
[Result "1-0"]
[WhiteElo "2075"]
[BlackElo "1865"]
[PlyCount "59"]
[EventDate "2019.07.20"]
[EventType "swiss"]
[EventRounds "10"]
[EventCountry "DEN"]
[SourceTitle "CBM 191 Extra"]
[Source "ChessBase"]
[SourceDate "2019.09.30"]
[SourceVersion "1"]
[SourceVersionDate "2019.09.30"]
[SourceQuality "1"]

1. d4 Nf6 2. c4 c5 3. d5 b5 4. Qc2 bxc4 5. e4 e6 6. Bxc4 exd5 7. exd5 Be7 8. Nc3 d6 9. Nge2 0-0 10. 0-0 Nbd7 11. Ng3 Nb6 12. b3 Nxc4 13. bxc4 Ng4 14. Bf4 Bf6 15. h3 Ne5 16. Nce4 Bh4 17. Bxe5 dxe5 18. Nxc5 Qc7 19. Nb3 f5 20. c5 f4 21. Ne4 f3 22. Nbd2 fxg2 23. Kxg2 Qd7 24. Qd3 Bb7 25. Nd6 Rf4 26. N2e4 Be7 27. c6 Bxc6 28. dxc6 Qxc6 29. f3 Rb8 30. Qc4+ 1-0

[Event "Helsingor Xtracon op"]
[Site "Helsingor"]
[Date "2019.07.20"]
[Round "1"]
[White "Iskos, Lukas"]
[Black "Machlik, Edit"]
[Result "0-1"]
[WhiteElo "1622"]
[BlackElo "2075"]
[PlyCount "78"]
[EventDate "2019.07.20"]
[EventType "swiss"]
[EventRounds "10"]
[EventCountry "DEN"]
[SourceTitle "CBM 191 Extra"]
[Source "ChessBase"]
[SourceDate "2019.09.30"]
[SourceVersion "1"]
[SourceVersionDate "2019.09.30"]
[SourceQuality "1"]

1. e4 c6 2. d4 d5 3. e5 Bf5 4. Nf3 e6 5. Bd3 Bxd3 6. Qxd3 Ne7 7. Bg5 Qb6 8. Qb3 Nd7 9. Nbd2 Nf5 10. Qxb6 Nxb6 11. h3 h6 12. Bf4 c5 13. c3 cxd4 14. Nxd4 Nxd4 15. cxd4 Rc8 16. 0-0 Kd7 17. Rac1 Be7 18. Nb3 Nc4 19. Rc2 Rc7 20. Rfc1 Rhc8 21. Nc5+ Bxc5 22. dxc5 g5 23. Bg3 a5 24. a4 Nb6 25. b3 Ke8 26. f4 Nd7 27. Bf2 gxf4 28. Bd4 Nb8 29. Kf2 Nc6 30. Bc3 d4 31. Bd2 Nxe5 32. Bxf4 Rxc5 33. Rxc5 Rxc5 34. Rxc5 Nd3+ 35. Kf3 Nxc5 36. Bd2 e5 37. b4 Nxa4 38. Ke4 f6 39. b5 Nc3+ 0-1

[Event "Fagernes GM op"]
[Site "Fagernes"]
[Date "2019.04.15"]
[Round "2"]
[White "Kizatbay, Abyl"]
[Black "Machlik, Edit"]
[Result "1-0"]
[WhiteElo "2108"]
[BlackElo "2109"]
[PlyCount "79"]
[EventDate "2019.04.14"]
[EventType "swiss"]
[EventRounds "9"]
[EventCountry "NOR"]
[SourceTitle "CBM 189 Extra"]
[Source "ChessBase"]
[SourceDate "2019.06.03"]
[SourceVersion "1"]
[SourceVersionDate "2019.06.03"]
[SourceQuality "1"]

1. e4 c6 2. d4 d5 3. exd5 cxd5 4. Nf3 Nc6 5. Ne5 e6 6. Bb5 Bd7 7. Nxd7 Qxd7 8. c3 Nf6 9. Bf4 Be7 10. 0-0 0-0 11. Nd2 a6 12. Bd3 Rac8 13. Qe2 Qd8 14. g4 Ne8 15. Nf3 Nd6 16. Ne5 Nxe5 17. dxe5 Nc4 18. Rad1 Qc7 19. Bg3 Qb6 20. Bf4 Qa5 21. Bb1 Qb6 22. Bc1 Qc7 23. f4 g6 24. Kh1 Rfe8 25. Rf3 Bf8 26. Re1 Bg7 27. b3 Na5 28. Ba3 Nc6 29. Qf2 f6 30. exf6 Bxf6 31. Rh3 Qa5 32. Bd6 Rcd8 33. Be5 Nxe5 34. fxe5 Bh8 35. Qh4 Qc7 36. Bxg6 Re7 37. Bb1 Rg7 38. g5 Qe7 39. Qh6 Rf8 40. g6 1-0

[Event "NOR-chT 1819"]
[Site "Norway"]
[Date "2018.11.04"]
[Round "3.1"]
[White "Machlik, Edit"]
[Black "Getz, Nicolai"]
[Result "1/2-1/2"]
[WhiteElo "2110"]
[BlackElo "2396"]
[PlyCount "41"]
[EventDate "2018.11.02"]
[EventType "team-tourn"]
[EventRounds "9"]
[EventCountry "NOR"]
[SourceTitle "CBM 188 Extra"]
[Source "ChessBase"]
[SourceDate "2019.02.26"]
[SourceVersion "1"]
[SourceVersionDate "2019.02.26"]
[SourceQuality "1"]
[WhiteTeam "Tromsoe"]
[BlackTeam "OSS"]
[WhiteTeamCountry "NOR"]
[BlackTeamCountry "NOR"]

1. d4 Nf6 2. c4 g6 3. Nc3 d5 4. Bf4 Bg7 5. Nf3 Na6 6. e3 c5 7. dxc5 Qa5 8. Rc1 0-0 9. cxd5 Nxc5 10. Qd2 b6 11. Bc4 Ba6 12. Bxa6 Qxa6 13. Qe2 Qb7 14. d6 Rad8 15. 0-0 exd6 16. Rfd1 d5 17. Nb5 Qa6 18. Nc3 Qb7 19. Nb5 Qa6 20. Nc3 Qb7 21. Nb5 1/2-1/2

[Event "Pardubice Czech op-A 29th"]
[Site "Pardubice"]
[Date "2018.07.27"]
[Round "8"]
[White "Machlik, Edit"]
[Black "Petrova, Kristyna"]
[Result "1/2-1/2"]
[WhiteElo "2046"]
[BlackElo "2264"]
[PlyCount "32"]
[EventDate "2018.07.20"]
[EventType "swiss"]
[EventRounds "9"]
[EventCountry "CZE"]
[SourceTitle "CBM 185 Extra"]
[Source "ChessBase"]
[SourceDate "2018.07.29"]
[SourceVersion "1"]
[SourceVersionDate "2018.07.29"]
[SourceQuality "1"]

1. d4 Nf6 2. c4 g6 3. Nf3 Bg7 4. g3 c6 5. Bg2 d5 6. cxd5 cxd5 7. 0-0 0-0 8. Nc3 Ne4 9. Ne5 Nxc3 10. bxc3 Nc6 11. Nxc6 bxc6 12. Qa4 Qb6 13. Ba3 Qa6 14. Qxa6 Bxa6 15. Rfe1 Rfe8 16. Bf1 Bf8 1/2-1/2

[Event "Oslo Sveins op 11th"]
[Site "Oslo"]
[Date "2018.06.24"]
[Round "5"]
[White "Rolstad, Morten"]
[Black "Machlik, Edit"]
[Result "1-0"]
[WhiteElo "1791"]
[BlackElo "2074"]
[PlyCount "71"]
[EventDate "2018.06.22"]
[EventType "swiss"]
[EventRounds "9"]
[EventCountry "NOR"]
[SourceTitle "CBM 185 Extra"]
[Source "ChessBase"]
[SourceDate "2018.07.29"]
[SourceVersion "1"]
[SourceVersionDate "2018.07.29"]
[SourceQuality "1"]

1. e4 c6 2. d4 d5 3. exd5 cxd5 4. c4 Nf6 5. Nc3 Nc6 6. cxd5 Nxd5 7. Bc4 Nxc3 8. bxc3 e6 9. Nf3 Be7 10. 0-0 0-0 11. Re1 b6 12. Bb3 Bb7 13. Qd3 Rc8 14. Bc2 g6 15. Bd2 Bf6 16. Bh6 Re8 17. Ba4 Qd5 18. Qe3 Red8 19. Bb3 Qf5 20. Bg5 Bxg5 21. Nxg5 Re8 22. Ne4 Red8 23. Qh6 Nxd4 24. Ng5 Nxb3 25. axb3 Rd2 26. Qxh7+ Kf8 27. Nxe6+ fxe6 28. Qh6+ Kg8 29. Qxd2 Qg4 30. f4 a6 31. Re5 Rf8 32. Rf1 Rf6 33. Rg5 Qh4 34. Qd8+ Kg7 35. Qe7+ Rf7 36. Rxg6+ 1-0

[Event "Oslo Sveins op 11th"]
[Site "Oslo"]
[Date "2018.06.23"]
[Round "2"]
[White "Ingebretsen, Jens E"]
[Black "Machlik, Edit"]
[Result "1-0"]
[WhiteElo "1999"]
[BlackElo "2074"]
[PlyCount "145"]
[EventDate "2018.06.22"]
[EventType "swiss"]
[EventRounds "9"]
[EventCountry "NOR"]
[SourceTitle "CBM 185 Extra"]
[Source "ChessBase"]
[SourceDate "2018.07.29"]
[SourceVersion "1"]
[SourceVersionDate "2018.07.29"]
[SourceQuality "1"]

1. e4 c6 2. d4 d5 3. exd5 cxd5 4. Bd3 Nc6 5. c3 Nf6 6. Bf4 g6 7. Nf3 Bf5 8. Bxf5 gxf5 9. Na3 e6 10. Nb5 Rc8 11. Qa4 Qd7 12. Be5 Be7 13. Nd6+ Bxd6 14. Bxf6 Rg8 15. 0-0 Rg6 16. Bh4 Ne5 17. Qd1 Nxf3+ 18. Qxf3 Be7 19. Bg3 Bd6 20. Qh5 Bxg3 21. fxg3 Rg7 22. Rae1 Kf8 23. Qe2 Kg8 24. Rf4 Qd6 25. Qf3 Kh8 26. Re5 Rcg8 27. Qe2 a6 28. b3 b5 29. Qf3 Qa3 30. Qf2 Rc8 31. Qd2 Qa5 32. Re3 Qc7 33. Qe2 Qd6 34. Qf2 b4 35. Qd2 bxc3 36. Rxc3 Rxc3 37. Qxc3 Rg8 38. Rf2 Rg4 39. b4 Qb6 40. Rf4 Rg8 41. g4 Rxg4 42. Rxg4 fxg4 43. Qc5 Qd8 44. a4 Kg7 45. Qc3 Qb6 46. Qc5 Qd8 47. Qc6 Qf6 48. Qc3 Qd8 49. b5 axb5 50. axb5 Qb8 51. Qb2 Qf4 52. b6 Qe3+ 53. Kf1 Qf4+ 54. Ke1 Qe3+ 55. Kd1 Qd3+ 56. Kc1 Qf1+ 57. Kc2 Qe2+ 58. Kc3 Qe1+ 59. Qd2 Qf1 60. Qg5+ Kf8 61. Qd8+ Kg7 62. Qc7 Qa1+ 63. Kb3 Qd1+ 64. Qc2 Qf1 65. Kb4 Qa6 66. Qc7 Qa1 67. b7 Qb2+ 68. Kc5 Qa3+ 69. Kc6 Qa4+ 70. Kd6 Qb4+ 71. Kd7 Qb5+ 72. Kd8 Kf8 73. Qc5+ 1-0

[Event "Oslo Sveins op 11th"]
[Site "Oslo"]
[Date "2018.06.23"]
[Round "3"]
[White "Machlik, Edit"]
[Black "Narvoy, Tore"]
[Result "1-0"]
[WhiteElo "2074"]
[BlackElo "1610"]
[PlyCount "65"]
[EventDate "2018.06.22"]
[EventType "swiss"]
[EventRounds "9"]
[EventCountry "NOR"]
[SourceTitle "CBM 185 Extra"]
[Source "ChessBase"]
[SourceDate "2018.07.29"]
[SourceVersion "1"]
[SourceVersionDate "2018.07.29"]
[SourceQuality "1"]

1. d4 e6 2. c4 c5 3. d5 exd5 4. cxd5 d6 5. Nc3 Nf6 6. e4 Be7 7. f4 0-0 8. Nf3 Bg4 9. Bc4 a6 10. a4 h6 11. 0-0 Qc7 12. Re1 Rd8 13. h3 Bh5 14. g4 Bg6 15. e5 Ne8 16. Qe2 Bf8 17. f5 Bh7 18. e6 Qe7 19. Bf4 f6 20. a5 Kh8 21. Na4 Kg8 22. Nb6 Ra7 23. Qe3 Kh8 24. Rad1 Kg8 25. Re2 Kh8 26. Rde1 Nc7 27. Kg2 Ne8 28. Qf2 Kg8 29. Kh1 Kh8 30. b4 cxb4 31. Nd7 Rc8 32. Qxa7 Rxc4 33. Bg3 1-0

[Event "EU-chT (Women) 21st"]
[Site "Heraklion"]
[Date "2017.11.06"]
[Round "9.3"]
[White "Koljevic, Nikolina"]
[Black "Machlik, Edit"]
[Result "0-1"]
[WhiteElo "1837"]
[BlackElo "2030"]
[PlyCount "94"]
[EventDate "2017.10.28"]
[EventType "team-swiss"]
[EventRounds "9"]
[EventCountry "GRE"]
[SourceTitle "CBM 181 Extra"]
[Source "ChessBase"]
[SourceDate "2017.12.12"]
[SourceVersion "1"]
[SourceVersionDate "2017.12.12"]
[SourceQuality "1"]
[WhiteTeam "Montenegro (W)"]
[BlackTeam "Norway (W)"]
[WhiteTeamCountry "MNE"]
[BlackTeamCountry "NOR"]

1. e4 c6 2. d4 d5 3. e5 Bf5 4. h4 h5 5. c4 e6 6. Nc3 Ne7 7. Nge2 dxc4 8. Ng3 b5 9. Nce4 Bxe4 10. Nxe4 Nf5 11. Be3 Nd7 12. g3 Nb6 13. Be2 Nd5 14. Bg5 Qb6 15. Bxh5 Qxd4 16. Qxd4 Nxd4 17. 0-0-0 c5 18. Bg4 Nb4 19. Be3 Nd3+ 20. Rxd3 cxd3 21. Rd1 Ne2+ 22. Kd2 c4 23. Bxe2 Bb4+ 24. Nc3 dxe2 25. Kxe2 a6 26. a3 Be7 27. Ne4 Rd8 28. Rxd8+ Kxd8 29. Nc5 Bxc5 30. Bxc5 Kd7 31. Bb4 Kc6 32. Ke3 Rd8 33. Ba5 Rd3+ 34. Ke4 Rb3 35. Bc3 a5 36. Kd4 a4 37. h5 b4 38. axb4 Kb5 39. f4 a3 40. bxa3 Rxa3 41. g4 Ra8 42. f5 Rd8+ 43. Ke4 Ka4 44. f6 Rg8 45. Kd4 Kb3 46. Be1 gxf6 47. exf6 Rxg4+ 0-1

[Event "EU-chT (Women) 21st"]
[Site "Heraklion"]
[Date "2017.11.04"]
[Round "7.2"]
[White "Machlik, Edit"]
[Black "Efroimski, Marsel"]
[Result "0-1"]
[WhiteElo "2030"]
[BlackElo "2329"]
[PlyCount "58"]
[EventDate "2017.10.28"]
[EventType "team-swiss"]
[EventRounds "9"]
[EventCountry "GRE"]
[SourceTitle "CBM 181 Extra"]
[Source "ChessBase"]
[SourceDate "2017.12.12"]
[SourceVersion "1"]
[SourceVersionDate "2017.12.12"]
[SourceQuality "1"]
[WhiteTeam "Norway (W)"]
[BlackTeam "Israel (W)"]
[WhiteTeamCountry "NOR"]
[BlackTeamCountry "ISR"]

1. d4 e6 2. c4 b6 3. e4 Bb7 4. Bd3 Bb4+ 5. Kf1 Be7 6. Nc3 d6 7. Nf3 Nd7 8. Be3 Bf6 9. Rc1 Ne7 10. g3 0-0 11. Kg2 a6 12. Qc2 c5 13. d5 Ne5 14. Nxe5 Bxe5 15. Rhe1 b5 16. b3 f5 17. f3 f4 18. Bf2 b4 19. Ne2 Ng6 20. Qd2 h5 21. Rf1 Qf6 22. Bg1 Rf7 23. Rc2 Raf8 24. a4 Bc8 25. Rcc1 Qe7 26. Bb1 Qd7 27. Qd3 exd5 28. exd5 Qh3+ 29. Kh1 Bf5 0-1